000
00258nam a22001097a 4500
082
_a
355.02 MON'E
100
_a
MONTZOMERY, VISCOUNT
_9
57659
245
_a
EL ALAMEIN TO THE RIVER SANGRO
260
_a
LONDON
_b
HUTVHINSON
_c
1943
300
_a
132P
942
_c
BK
999
_c
567931
_d
567931